LEADER 02722nam a2200517 i 4500
001 44376
003 BD-DhAAL
005 20251019121641.0
008 240422t2008 bg a bs 001 0 eng
010 |a  2009311099 
020 |a 9843000024710 
025 |a B-E-2009-311099; 22 
037 |b Library of Congress -- New Delhi Overseas Office  |c TK600.00($115.00 U.S.) 
040 |a DLC  |b eng  |c DLC  |d DLC  |d BD-DhAAL  |e rda 
041 0 |a eng  |a ben 
042 |a lcode  |a pcc 
043 |a a-bg--- 
050 0 0 |a LA1167  |b .N376 2008 
082 |a 370.95492  |2 20 
100 1 |a Nath, Samir R. 
245 1 4 |a The state of secondary education :  |b quality and equity challenges /  |c Samir Ranjan Nath... [et al.]. 
246 |i At head of title:  |a Education watch 2007 
260 |a Dhaka :  |b Campaign for Popular Education (CAMPE), Bangladesh,  |c 2008. 
300 |a xxxv, 210 pages :  |b illustrations ;  |c 29 cm 
500 |a Includes statistical tables. 
504 |a Includes bibliographical references (pages 137-139) and index. 
526 |a AAL 
541 |a Complimentary copy from Dr. Ahmed Mushtaque Raza Chowdhury (Former Vice Chairperson of BRAC)  |e 44345, 44376 
546 |a In English with some annexes in Bengali. 
650 0 |a Education, Secondary  |z Bangladesh  |x Evaluation.  |9 58103 
650 0 |a Education  |z Bangladesh. 
650 0 |a Education, Elementary  |z Bangladesh  |x History.  |9 26326 
650 0 |a Academic achievement  |z Bangladesh.  |9 58104 
650 0 |a Educational assistance  |z Bangladesh.  |9 58105 
650 0 |a School enrollment  |z Bangladesh.  |9 58106 
700 |a Haq, Muhammad Nazmul.  |9 58128 
700 |a Begum, Umme Salma.  |9 58129 
700 |a Ullah, A. M. M. Ahsan.  |9 58130 
700 |a Sattar, Md. Abdus.  |9 58131 
700 |a Chowdhury, A. Mushtaque Raza.  |9 58120 
710 2 |a Campaign for Popular Education (Organization) 
852 |a Ayesha Abed Library  |c Ahmed Mushtaque Raza Chowdhury Collection 
942 |2 ddc  |c BK 
999 |c 47279  |d 47279 
952 |0 0  |1 0  |2 ddc  |4 0  |6 370_954920000000000_STA  |7 1  |9 77622  |a BRACUL  |b BRACUL  |c AMRC  |d 2025-04-22  |e Complimentary copy from Dr. Ahmed Mushtaque Raza Chowdhury (Former Vice Chairperson of BRAC)  |g 600.00  |l 0  |o 370.95492 STA  |p 3010044375  |r 2025-04-22  |t 1  |w 2025-04-22  |y BK  |x Complimentary copy received from Dr. Ahmed Mushtaque Raza Chowdhury (Former Vice Chairperson of BRAC) on 17 April 2025. 
952 |0 0  |1 0  |2 ddc  |4 0  |6 370_954920000000000_STA  |7 1  |9 77623  |a BRACUL  |b BRACUL  |c AMRC  |d 2025-04-22  |e Complimentary copy from Dr. Ahmed Mushtaque Raza Chowdhury (Former Vice Chairperson of BRAC)  |g 600.00  |l 0  |o 370.95492 STA  |p 3010044376  |r 2025-04-22  |t 2  |w 2025-04-22  |y BK  |x Complimentary copy received from Dr. Ahmed Mushtaque Raza Chowdhury (Former Vice Chairperson of BRAC) on 17 April 2025.